General Viticulture (Record no. 355124)
[ view plain ]
| 000 -LEADER | |
|---|---|
| fixed length control field | 004230000a22001810004500 |
| 020 ## - INTERNATIONAL STANDARD BOOK NUMBER | |
| International Standard Book Number | 0520025911 |
| 060 ## - NATIONAL LIBRARY OF MEDICINE CALL NUMBER | |
| Classification number | 100 |
| 082 ## - DEWEY DECIMAL CLASSIFICATION NUMBER | |
| Classification number | 634.8 WIN |
| 100 ## - MAIN ENTRY--PERSONAL NAME | |
| Personal name | Cook, J A |
| 100 ## - MAIN ENTRY--PERSONAL NAME | |
| Personal name | Kliewer, W M |
| 100 ## - MAIN ENTRY--PERSONAL NAME | |
| Personal name | Winkler, A J |
| 245 ## - TITLE STATEMENT | |
| Title | General Viticulture |
| 260 ## - PUBLICATION, DISTRIBUTION, ETC. (IMPRINT) | |
| Place of publication, distribution, etc. | Berkeley, University of California Press |
| 260 ## - PUBLICATION, DISTRIBUTION, ETC. (IMPRINT) | |
| Date of publication, distribution, etc. | 1974 |
| 300 ## - PHYSICAL DESCRIPTION | |
| Extent | 710 |
| 650 ## - SUBJECT ADDED ENTRY--TOPICAL TERM | |
| Topical term or geographic name as entry element | Viticulture / grape cultivation / vines |
| 942 ## - ADDED ENTRY ELEMENTS (KOHA) | |
| Koha item type | Books (General) |
| Withdrawn status | Lost status | Damaged status | Not for loan | Home library | Current library | Date acquired | Total Checkouts | Full call number | Barcode | Date last seen | Date checked out | Price effective from | Koha item type |
|---|---|---|---|---|---|---|---|---|---|---|---|---|---|
| College of Agriculture, Vellayani | College of Agriculture, Vellayani | 02/05/2014 | 1 | 634.8 WIN | KAU_COAV-14104 | 21/11/2017 | 10/11/2017 | 02/05/2014 | Books (General) |
